Trabajar por la palabra: guía metodológica
Αποθηκεύτηκε σε:
| Κύριοι συγγραφείς: | , , |
|---|---|
| Μορφή: | Βιβλίο |
| Γλώσσα: | Ισπανικά |
| Έκδοση: |
Santiago
Ministerio de Educación
2001
|
| Έκδοση: | 2a. ed |
| Θέματα: | |
| Ετικέτες: |
Προσθήκη ετικέτας
Δεν υπάρχουν, Καταχωρήστε ετικέτα πρώτοι!
|
MARC
| LEADER | 00000nam a2200000 a 4500 | ||
|---|---|---|---|
| 001 | UCL1969 | ||
| 003 | CL-VaPUC | ||
| 008 | 030926e20010000CL |||||||||||||||||spa|d | ||
| 082 | 0 | 4 | |a 374 |b INF |2 21 |
| 100 | |a Infante Roldán, María Isabel |e author |9 562504 | ||
| 700 | |a Letelier G., María Eugenia |e author |9 484414 | ||
| 700 | 0 | |a Soto C., Isabel |e author |9 478993 | |
| 245 | 1 | 0 | |a Trabajar por la palabra: guía metodológica |
| 250 | |a 2a. ed | ||
| 300 | |a 75 p | ||
| 942 | |c BK | ||
| 945 | |d 20030926 00:00:00 |a cmena | ||
| 260 | |a Santiago |b Ministerio de Educación |c 2001 | ||
| 650 | 0 | |a Métodos de enseñanza |9 270413 | |
| 650 | 0 | |a Educación básica |9 224933 | |
| 650 | 0 | |a Educación de adultos |9 307580 | |
| 650 | 0 | |a Programas de educación |9 339040 | |
| 583 | |a last modification |c 20170905 01:17:36 |k Rodrigo Vera | ||
| 999 | |c 305399 |d 305397 | ||
| 952 | |0 0 |1 0 |4 0 |6 374_000000000000000_INF_2001 |7 0 |8 A |9 369257 |a BIBEDU |b BIBEDU |d 2019-11-21 |i 3941809 |o 374 INF 2001 |p 3941809 |r 2019-11-21 |w 2019-11-21 |y BK |k EPE | ||
| 952 | |0 0 |1 0 |4 0 |6 374_000000000000000_INF_2001 |7 0 |8 A |9 369258 |a BIBEDU |b BIBEDU |d 2019-11-21 |i 3998738 |o 374 INF 2001 |p 3998738 |r 2019-11-21 |w 2019-11-21 |y BK |k EBA | ||